01064nam a2200229 a 450000100100000000500170001000800410002702000150006804000250008311101170010824000290022524502560025426000380051030000180054849000130056650000380057950400300061770000450064783000200069295201050071299900170081700004396320201002045052.0140512s2004 sp 000 0 spa d a8484891380 aDO-SdBNPbspacBNPHU2 aCongreso Internacional "Dos mundos, dos culturas: la huella peruana en la ciencia española"d1999cLima97190910aDos mundos, dos culturas10aDos mundos, dos culturas :bo de la historia (natural y moral) entre España y el Perú /cCongreso Internacional "Dos mundos, dos culturas: la huella peruana en la ciencia española" (Lima, diciembre 1999) ; Fermín del Pino Díaz (coordinador). aMadrid, :bIberoamericana,c2004. a334 ;c23 cm.1 aTeciv11 aIncluye notas al pie de páginas aBibliografía p: 333-33412aPino Díaz, Fermín delecoord.941144 0aTecin11971910 001050718MOaGRbGRcCTd2014-05-12iLF1l0o p43963-10r2020-06-25w2020-06-25y1ZNo se presta c43452d43452